| 000 -CABECERA |
| Longitud fija campo de control |
00546nam a2200205 a 4500 |
| 001 - NÚMERO DE CONTROL |
| Número de control |
2389 |
| 003 - IDENTIFICADOR DEL NÚMERO DE CONTROL |
| Identificador del número de control |
CDMR |
| 005 - FECHA Y HORA DE LA ÚLTIMA TRANSACCIÓN |
| Fecha y hora de la última transacción |
20131107142255.0 |
| 008 - CÓDIGOS DE INFORMACIÓN DE LONGITUD FIJA |
| Códigos de información de longitud fija |
130130s1987||||||||||||||||||||||||||||d |
| 020 ## - NÚMERO INTERNACIONAL NORMALIZADO PARA LIBROS |
| Número Internacional Normalizado para Libros (ISBN) |
8431309741 |
| 024 ## - OTROS IDENTIFICADORES NORMALIZADOS |
| Fuente del número o código |
DL |
| Número normalizado o código |
BU 145-1987 |
| 040 ## - FUENTE DE LA CATALOGACIÓN |
| Centro catalogador de origen |
CDMR |
| Lengua de catalogación |
cat |
| Centro transcriptor |
CDMR |
| 100 1# - PUNTO DE ACCESO PRINCIPAL-NOMBRE DE PERSONA |
| Nombre de persona |
Serrano Cantarin, Ramón |
| 9 (RLIN) |
1783 |
| 245 13 - MENCIÓN DE TÍTULO |
| Título |
La teoría clásica del estilo periódico |
| 250 ## - MENCIÓN DE EDICIÓN |
| Mención de edición |
Ediciones Universidad de Navarra |
| 260 ## - PUBLICACIÓN, DISTRIBUCIÓN, ETC. (PIE DE IMPRENTA) |
| Lugar de publicación, distribución, etc. |
Pamplona |
| Fecha de publicación, distribución, etc. |
1987 |
| Nombre del editor, distribuidor, etc. |
EUNSA |
| 300 ## - DESCRIPCIÓN FÍSICA |
| Extensión |
170 p. |
| 654 ## - PUNTO DE ACCESO ADICIONAL DE MATERIA - TÉRMINO DE MATERIA FACETADOS |
| 9 (RLIN) |
3158 |
| Término principal |
Periodisme i llenguatge |
| 942 ## - ENTRADA DE ELEMENTOS AGREGADOS (KOHA) |
| Koha [por defecto] tipo de item |
Monografies |
| Fuente de clasificaión o esquema |
|